000 01028cam a22002895a 4500
001 016964722
003 OSt
005 20150622141727.0
008 141125t2015 flua frb 001 0 eng d
020 _a9781482214857 (hbk.)
020 _z9781482214871 (PDF ebook)
040 _aStDuBDS
_beng
_cStDuBDS
_dEG-ScBUE
082 0 4 _a621.3821
_222
_bMUL
245 0 0 _aMultimedia over cognitive radio networks :
_balgorithms, protocols, and experiments /
_cedited by Fei Hu and Sunil Kumar.
260 _aBoca Raton :
_bCRC Press / Taylor & Francis,
_cc.2015.
300 _axx, 472 p. :
_bill. (black and white) ;
_c26 cm.
500 _aIndex : p. 459-472.
504 _aIncludes bibliographical references.
650 7 _aCognitive radio networks.
_2BUEsh
_937226
650 7 _aMultimedia communications.
_2BUEsh
_937797
651 _2BUEsh
653 _bENGGEN
_bCOMSCI
_cJune2015
655 _vreading book
_934232
700 1 _aKumar, Sunil,
_eeditor.
700 1 _aHu, Fei,
_d1972-,
_eeditor.
_938187
942 _2ddc
_k621.3821 MUL
999 _c19558
_d19530